Những người xây ngành thủy sản
Lịch sử ngành Thủy sản Việt Nam. Từ năm 1954 đến 2014. Kỷ yếu cá nhân những người xây ngành Thủy sản (Các cán bộ về hưu tại Hà Nội)
Gespeichert in:
| 1. Verfasser: | |
|---|---|
| Format: | Buch |
| Sprache: | Undetermined |
| Veröffentlicht: |
Hà Nội
Nông nghiệp
2014
|
| Schlagworte: | |
| Tags: |
Tag hinzufügen
Keine Tags, Fügen Sie den ersten Tag hinzu!
|
| Thư viện lưu trữ: | Trung tâm Học liệu Trường Đại học Cần Thơ |
|---|
| LEADER | 00798nam a2200205Ia 4500 | ||
|---|---|---|---|
| 001 | CTU_200583 | ||
| 008 | 210402s9999 xx 000 0 und d | ||
| 082 | |a 338.3727 | ||
| 082 | |b D513/T.1 | ||
| 088 | |a 60620301 | ||
| 100 | |a Nguyễn, Hữu Dũng | ||
| 245 | 0 | |a Những người xây ngành thủy sản | |
| 245 | 0 | |c Nguyễn Hữu Dũng (chủ biên) | |
| 260 | |a Hà Nội | ||
| 260 | |b Nông nghiệp | ||
| 260 | |c 2014 | ||
| 520 | |a Lịch sử ngành Thủy sản Việt Nam. Từ năm 1954 đến 2014. Kỷ yếu cá nhân những người xây ngành Thủy sản (Các cán bộ về hưu tại Hà Nội) | ||
| 650 | |a Fisheries,Thủy sản | ||
| 904 | |i Bằng | ||
| 980 | |a Trung tâm Học liệu Trường Đại học Cần Thơ | ||